| 000 | 02461nam a2200385 a 4500 | ||
|---|---|---|---|
| 001 | 000044928 | ||
| 003 | DO-SdBPM | ||
| 005 | 20251014120609.0 | ||
| 007 | ta | ||
| 008 | 150119s2014 dr ac 000 0 spa d | ||
| 020 | _a9789945498110 | ||
| 040 |
_aDO-SdBPM _bspa _cBPMSU _drda |
||
| 082 | 4 |
_a324.27293 _bH565c 2014 _222 |
|
| 100 | 1 |
_aHerrera Catalino, Fausto _eautor |
|
| 245 | 1 | 0 |
_aCrisis PRD : _bun desafío a la democracia / _cFausto Herrera Catalino ; presentación Tirso Mejía Ricart ; prólogo Miguel Ángel Martínez. |
| 250 | _a2a ed. | ||
| 264 |
_aSanto Domingo : _bUniversitaria, UASD, _c2014. |
||
| 300 |
_a255 páginas : _bilustración, retrato _c22 cm. |
||
| 336 |
_atexto _btxt _2rdacontent |
||
| 337 |
_asin mediación _bn _2rdamedia |
||
| 338 |
_avolumen _bnc _2rdacarrier |
||
| 500 | _aIncluye referencias bibliográficas y notas al pie de las páginas | ||
| 500 | _aIncluye datos biográficos del autor en las solapas | ||
| 500 | _aIncluye índice onomástico | ||
| 504 | _aBibliografía : páginas 248-252 | ||
| 505 | 0 | _aRecuperando a: José del Carmen Rodríguez Gutiérrez, 9 -- ¿Cuál es el mensaje de este libro?,13 -- Reglas claras y arbitraje responsable, 19 --- La hora del respeto, la coherencia y la decencia, 23 -- Una apuesta por la esperanza, 27 -- Capítulo 1. el PRD ayer, hoy, siempre, 33 -- Capítulo2. La soberanía de la militancia, 53-69 -- Capítulo 3. Vigencia política del legado de Peña Gómez,71-79 -- Capítulo 4. El foro renovador: historia, crecimiento y metas, 83-113 -- Capítulo 5. Lucha por la asamblea constituyente, 125-139 -- -- Capítulo 6. Discursos políticos, 141 -- Capítulo 7. Sin alternativa no hay democracia, 149 -- Epílogo, 159 -- Colofón el 2016: cómo los desafíos del futuro cambiarán al PRD, 63 -- Apéndices, 171 | Propuestas al CEN y a la militancia del PRD, 187 | Sentencias del tribunal Superior Electoral relativas a litigios del PRD, 189 -- Notas, 213 -- Perfil de colaboradores, 213 -- Homenajeados, 221 -- Cronología, 224 -- Acontecimientos del 2013 e inicio 2014, | |
| 590 | _aInventariado, 2025/VM | ||
| 650 | 7 | _a Partido Revolucionario Dominicano (PRD) | |
| 650 | 7 |
_aPartidos políticos _z República Dominicana |
|
| 700 | 1 |
_aMartínez, Miguel Ángel, _eprólogo |
|
| 700 | 1 |
_aMejía-Ricart G., Tirso, _d1936-2021 _eprestación |
|
| 710 | 1 | _aUniversidad Autónoma de Santo Domingo | |
| 910 | _aVMateo V. Control de calidad. BPMSU | ||
| 942 |
_2ddc _cBK |
||
| 999 |
_c15437 _d15437 |
||